| 000 | 00671nam a22001697a 4500 | ||
|---|---|---|---|
| 082 |
_a891.4393 _bMAN |
||
| 100 | _aMento, Hasan Manto | ||
| 245 |
_aManto kay Lazwal Afsany/ _cSaadat Hasan Manto.- |
||
| 260 |
_aLahore ; _b Khizana Ilm-o-Adab, _c2013. |
||
| 300 |
_a400p. : _c25cm. |
||
| 563 | _aHB | ||
| 650 |
_aنٹو، سعادت حسن، 1912–1955 — افسانے — تنقید و تبصرہ _9129679 |
||
| 880 |
_6100-01\(3\r _aمنٹو, سعادت حسن |
||
| 880 |
_6245-02\(3\r _aمنٹو کے لازوال افسانے / _bسعادت حسن منٹو, |
||
| 880 |
_6260-03\(3\r _aلاہور ؛ _bخزینہ علم و ادب، _c2013. |
||
| 942 |
_2ddc _cBK |
||
| 999 |
_c614258 _d614258 |
||